| Tag |
First Indicator |
Second Indicator |
Subfields |
| LEADER |
00000cam a2200000 a 4500 |
| 001 |
in00001905430 |
| 005 |
20151026124718.0 |
| 008 |
870305s1986 enka i000 0 eng d |
| 035 |
|
|
|a (OCoLC)ocm15275042
|
| 040 |
|
|
|a SCA
|c SCA
|d TXA
|d UtOrBLW
|
| 049 |
|
|
|a TXAM
|
| 090 |
|
|
|a QC994.95
|b .E9 no.57
|
| 100 |
1 |
|
|a Branković, Čedo.
|
| 245 |
1 |
0 |
|a Zonal diagnostics of the ECMWF 1984-85 operational analysis and forecasts /
|c by Čedo Branković.
|
| 264 |
|
1 |
|a Reading, Berks :
|b European Centre for Medium Range Weather Forecasts,
|c 1986.
|
| 300 |
|
|
|a 72 pages :
|b illustrations ;
|c 30 cm.
|
| 336 |
|
|
|a text
|b txt
|2 rdacontent
|
| 337 |
|
|
|a unmediated
|b n
|2 rdamedia
|
| 338 |
|
|
|a volume
|b nc
|2 rdacarrier
|
| 490 |
1 |
|
|a Technical report / European Centre for Medium Range Weather Forecasts ;
|v no. 57
|
| 504 |
|
|
|a Includes bibliographical references (pages 71-72).
|
| 650 |
|
0 |
|a Numerical weather forecasting
|x Data processing.
|
| 650 |
|
0 |
|a Climatic zones
|x Weather forecasting.
|
| 710 |
2 |
|
|a European Centre for Medium Range Weather Forecasts.
|
| 830 |
|
0 |
|a Technical report (European Centre for Medium-Range Weather Forecasts) ;
|v no. 57.
|
| 948 |
|
|
|a cataloged
|b h
|c 2004/8/26
|d c
|e dmitchel
|f 1:10:20 pm
|
| 994 |
|
|
|a E0
|b TXA
|
| 999 |
|
|
|a MARS
|
| 999 |
f |
f |
|s b4d49739-1f22-3ab7-a3ca-7de496338815
|i 90768c34-7839-3df6-a121-ca34d31b5456
|t 0
|
| 952 |
f |
f |
|p normal
|a Texas A&M University
|b College Station
|c Sterling C. Evans Library
|d Evans: Library Stacks
|t 0
|e QC994.95 .E9 no.57
|h Library of Congress classification
|i unmediated -- volume
|m A14831313378
|
| 998 |
f |
f |
|a QC994.95 .E9 no.57
|t 0
|l Evans: Library Stacks
|